Slovar sovremennogo russkogo literaturnogo jazyka

Enregistré dans:
Détails bibliographiques
Format: Livre
Langue:russe
Publié: Moskva Izdateľstvo Akademii nauk 1951
Tags: Ajouter un tag
Pas de tags, Soyez le premier à ajouter un tag!

MARC

LEADER 00000nam a2200000 4500
001 0314174
005 20260119114836.6
041 0 |a rus 
044 |a RU 
245 1 0 |a Slovar sovremennogo russkogo literaturnogo jazyka 
264 1 |a Moskva  |b Izdateľstvo Akademii nauk  |c 1951